| 000 | 01118pam a2200301 a 4500 | ||
|---|---|---|---|
| 001 | 933944 | ||
| 005 | 20230307110356.0 | ||
| 008 | 830715s1983 enka b 001 0 eng | ||
| 010 | _a 83015465 | ||
| 020 |
_a0080283365 : _c$27.00 |
||
| 020 |
_a0080283373 (pbk.) : _c$12.50 |
||
| 040 |
_aDLC _cDLC _dDLC |
||
| 050 | 0 | 0 |
_aUG1310 _b.G84 1983 |
| 082 | 0 | 0 |
_a355 _219 _bGUI 1983 |
| 245 | 0 | 0 |
_aGuided weapons : _bincluding light, unguided anti-tank weapons / _cR.G. Lee ... [et al.]. |
| 250 | _a1st ed. | ||
| 260 |
_aOxford : _bBrassey's Defense Publishers ; _aWashington, D.C. : _bPentagon-Brassey's International Defense Publishers, _c1983. |
||
| 300 |
_axiv, 223 p. : _bill. ; _c26 cm. |
||
| 490 | 1 |
_aBrassey's Battlefield weapons systems and technology series ; _vv. 8 |
|
| 500 | _aIncludes index. | ||
| 504 | _aBibliography: p. 217. | ||
| 650 | 0 |
_aGuided missiles. _942228 |
|
| 650 | 0 |
_aAntitank weapons. _9106396 |
|
| 700 | 1 |
_aLee, R. G. _q(R. Geoffrey) _9109935 |
|
| 830 | 0 |
_aBattlefield weapons systems & technology ; _vv. 8. _955994 |
|
| 906 |
_a7 _bcbc _corignew _d1 _eocip _f19 _gy-gencatlg |
||
| 942 |
_2ddc _cBK |
||
| 999 |
_c593542 _d593542 |
||